00380nam a2200157Ia 4500008004100000041000800041082001100049100001700060245005800077250000800135260002300143300000800166542001500174551002100189650001200210220531s9999 xx 000 0 und d aeng a-bJOS aJoshi, P. M. aArtistic And Realistic Mode In R. K. Narayans Fiction a1ST aJaipurbAadic2014 a158 d22-04-2015 aEnglishbUgc-ENG aFiction